Así hablo Zaratustra. Un libro para todos y para nadie.

Guardat en:
Dades bibliogràfiques
Autor principal: Nietzsche, Friedrich (Friedrich Wilhelm) (autor)
Altres autors: Pérez-Borbujo Álvarez, Fernando (edición y notas), García Borrón, Juan Carlos (traductor)
Format: Desconegut
Publicat: Barcelona, España: Penguin Clasicos, 2022.
Edició:Primera edición.
Matèries:
Etiquetes: Afegir etiqueta
Sense etiquetes, Sigues el primer a etiquetar aquest registre!

MARC

LEADER 00000 a2200000 4500
003 CL-VaPUC
005 20250108095057.0
008 240409t2022 ||||| |||| 00| 0 eng d
999 |c 443430  |d 443428 
020 |a 978-84-9105-431-3 
040 |c Pontificia Universidad Católica de Valparaíso 
082 7 |2 22  |a 193 NIE 2022 
100 |a Nietzsche, Friedrich   |9 880463  |e autor  |q (Friedrich Wilhelm)  
245 |a Así hablo Zaratustra.  |b Un libro para todos y para nadie. 
250 |a Primera edición. 
260 |a Barcelona, España:  |b Penguin Clasicos,  |c 2022. 
300 |a 555 páginas. 
583 |k Catalogador Asistente  |c 20240409 
650 0 |9 265002  |a Filosofía alemana  
650 0 |9 323001  |a Nihilismo (Filosofía) 
650 0 |a Antropología filosófica  |9 265842 
650 0 |a Ateísmo  |9 265671 
700 |9 888262  |a Pérez-Borbujo Álvarez, Fernando  |e edición y notas 
700 |9 863478  |a García Borrón, Juan Carlos  |e traductor 
942 |2 ddc  |c BK 
952 |0 0  |1 0  |2 ddc  |4 0  |6 193_000000000000000_NIE_2022  |7 0  |8 A  |9 593968  |a BIBART  |b BIBART  |d 2024-04-04  |e 181  |g 15000.00  |i 5660604  |o 193 NIE 2022  |p 5660604  |r 2025-03-13  |t 1  |v 15000.00  |w 2024-04-04  |y BK  |k ART